Central Library OPAC University of Rajshahi

British diplomacy and administration in India, 1807-13 / (Record no. 25742)

MARC details
000 -LEADER
fixed length control field 00879cam a2200265 4500
001 - CONTROL NUMBER
control field 25742
003 - CONTROL NUMBER IDENTIFIER
rucl marc code BD-RjUL
005 - DATE AND TIME OF LATEST TRANSACTION
control field 20211209050924.0
008 - FIXED-LENGTH DATA ELEMENTS--GENERAL INFORMATION
fixed length control field 160528t19711970ii b 001 0 eng
035 ## - SYSTEM CONTROL NUMBER
System control number (BD-RjUL)25812
040 ## - CATALOGING SOURCE
Original cataloging agency DLC
Transcribing agency DLC
Modifying agency DLC
-- BD-RjUL
Language of cataloging eng
041 ## - LANGUAGE CODE
Language code of text/sound track or separate title eng
082 00 - DEWEY DECIMAL CLASSIFICATION NUMBER
Classification number 954.0313
Author mark and year BAB 1971
Edition number 23
100 1# - MAIN ENTRY--PERSONAL NAME
Personal name Bakshi, S. R.
Fuller form of name (Shiri Ram),
Dates associated with a name 1935-
9 (RLIN) 79071
245 10 - TITLE STATEMENT
Title British diplomacy and administration in India, 1807-13 /
Statement of responsibility, etc. by S. R. Bakshi.
260 ## - PUBLICATION, DISTRIBUTION, ETC. (IMPRINT)
Place of publication, distribution, etc. New Delhi :
Name of publisher, distributor, etc. Munshiram Manoharlal,
Date of publication, distribution, etc. 1971
300 ## - PHYSICAL DESCRIPTION
Pagination ix, 228 p. ;
Size 23 cm.
350 ## - PRICE (NR) (BK AM CF MU VM SE) [OBSOLETE]
Price Rs28.00
504 ## - BIBLIOGRAPHY, ETC. NOTE
Bibliography, etc Includes Bibliography: p. 213-219 and index.
600 10 - SUBJECT ADDED ENTRY--PERSONAL NAME
Personal name Minto, Gilbert Elliot,
Titles and other words associated with a name Earl of,
Dates associated with a name 1751-1814.
610 20 - SUBJECT ADDED ENTRY--CORPORATE NAME
Corporate name or jurisdiction name as entry element East India Company.
651 #0 - SUBJECT ADDED ENTRY--GEOGRAPHIC NAME
Geographic name India
General subdivision History
Chronological subdivision British occupation, 1765-1947.
9 (RLIN) 79073
942 ## - ADDED ENTRY ELEMENTS (KOHA)
Source of classification or shelving scheme Dewey Decimal Classification
Koha item type Books
Holdings
Lost status Source of classification or shelving scheme Damaged status Not for loan Collection code Permanent Location Current Location Shelving location Date acquired Source of acquisition Cost, normal purchase price Total Checkouts Full call number Date last seen Copy number Koha item type
  Dewey Decimal Classification   Not For Loan Non-fiction Central Library, University of Rajshahi Central Library, University of Rajshahi Reading Room 04/07/1974 India Govt Gift. 0.00   954.0313 BAB 1971 19/03/2014 C-1 Books